| 000 | 00562nam a22001697a 4500 | ||
|---|---|---|---|
| 003 | BD-DhUL | ||
| 005 | 20160904144838.0 | ||
| 008 | 160904b xxu||||| |||| 00| 0 eng d | ||
| 040 | _cBD-DhUL | ||
| 082 |
_a944.05 _bNAP |
||
| 100 | _aমধুকর | ||
| 245 |
_aনেপোলিয়ন বোনাপার্টের বিচিত্র কথা / _cমধুকর |
||
| 260 |
_aঢাকা : _bনওরোজ, _c১৯৯১. |
||
| 300 |
_a৩২০ পৃ. ; _c২৪ সেমি. |
||
| 650 |
_aইতিহাস _vHistory |
||
| 942 |
_2ddc _cBK |
||
| 999 |
_c103913 _d103913 |
||